000 00512pab a2200181 454500
008 180718b2007 xxu||||| |||| 00| 0 eng d
100 _aUppal, R.K.
245 _aIndian banking sector: efficiency in the post-banking sector reforms ERA - new challenges and future opportunities
260 _c2007
300 _ap.42-55.
362 _aApr
650 _aBanks - India
650 _aBanks
700 _aKaur, Rimpi
773 _aPrestige Journal of Management and Research
908 _aN
909 _a76149
999 _c76149
_d76149